| 000 | 01337nam a2200289 i 4500 | ||
|---|---|---|---|
| 001 | 121582 | ||
| 003 | ES-MaACL | ||
| 005 | 20251217101951.0 | ||
| 007 | t| | ||
| 008 | 070214s1918 sp r ||||1| spa d | ||
| 080 | _a929 Jiménez de Cisneros, Francisco | ||
| 100 | 1 |
_aPorreño, Baltasar. _993162 |
|
| 245 | 1 | 0 |
_aDos tratados históricos tocantes al Cardenal Ximenez de Cisneros / _cpor el Licenciado Baltasar Porreño ; publícalos la Sociedad de Bibliófilos Españoles ; [edición e introducción de D. Jerónimo López de Ayala y del Hierro, conde de Cedillo]. |
| 260 |
_aMadrid : _bSociedad de Bibliófilos Españoles, _c1918 ( _fImp. Ibérica E. Maestre) |
||
| 300 |
_aXLVIII, 456 p. ; _c24 cm. |
||
| 490 | 1 |
_aSociedad de Bibliófilos Españoles ; _v41 |
|
| 530 | _aDisponible en formato digital. | ||
| 600 | 1 | 4 |
_aJiménez de Cisneros, Francisco, _d1436-1517 _966495 |
| 700 | 1 |
_aCedillo, Jerónimo López de Ayala y Álvarez de Toledo, _cConde de, _d1862-1934 _937325 |
|
| 710 | 2 |
_aSociedad de Bibliófilos Españoles. _96661 |
|
| 830 | 1 | 0 |
_aSociedad de Bibliófilos Españoles _v41 _9187662 |
| 852 | 4 |
_aES-MaACL _jA-300 _cSPP1 |
|
| 852 | 4 |
_aES-MaACL _jJ-7(41) _cDEPO2 |
|
| 856 | 4 |
_uhttp://bdh-rd.bne.es/viewer.vm?id=0000064965&page=1 _y(Biblioteca Digital Hispánica) |
|
| 942 | _2udc | ||
| 999 |
_c121582 _d121582 |
||